| 000 | 00903 a2200181 4500 | ||
|---|---|---|---|
| 999 |
_c9471 _d9471 |
||
| 020 | _a 9789280518412 | ||
| 050 | _aKF WIP 2009 | ||
| 100 |
_aPopova-Gosart, Ulia _eeditor |
||
| 245 |
_a _cedited and translated by Ulia Popova-Gosart |
||
| 264 |
_aGorno-Altaisk : L'auravetl'an Information & Education Network of Indigenous Peoples (LIENIP) ; Geneva : _bWIPO, World Intellectual Property Organization, _c ♭2009 |
||
| 300 | _a1 online file ([162] pages : illustrations). | ||
| 440 | _aWIPO publication, no. 1014 | ||
| 500 | _aTitle from online title page (viewed Sept. 15, 2014) | ||
| 650 | _aIndigenous peoples -- Legal status, laws, etc.. | ||
| 650 | _a Intellectual property | ||
| 650 | _aCultural property -- Protection -- Law and legislation. | ||
| 942 |
_2lcc _cBK _h2971 _iWIP _kKF |
||